000 00644nam a2200265Ia 4500
003 OSt
005 20220912152707.0
006 a|||||r|||| 00| 0
007 ta
008 220909b |||||||| |||| 00| 0 eng d
024 _a37967
037 _cTextual
040 _aCSL
_beng
_cCSL
041 _aeng
082 _aC21, J9.1
100 _aLark-Horovitz K
245 0 _aSolid state physics
260 _c1959
300 _ap.
_ccm.
650 _a Solid state physics
650 _aPhysics
700 _a Johnson Vivian A
942 _hC21, J9.1
_cTEXL
_2CC
999 _c90250
_d90250